LEADER 00698nam a2200193 i 4500 001 000000152912 003 CaOOAMICUS 005 20060907000000.0 008 060907n it u000 u eng u 013 $a130253 040 $aSeMil$bita 245 10$aGenesis 1-27:40. 300 $aIX, 470 p. 490 0 $aClassic commentary library 773 0 $aCandlish, Robert S.$tCommentary on Genesis.$dMichigan : Zondervan Publishing House, [19-?]$gVol.1$w()16299 830 0$aClassic commentary library.$0(OLS)http://semarc/title/21559 850 $aSeMil 852 $aSeMil$W1$xVenegono$y1$m2W II 145$j104856$B104856$CSeMilBibl$Z2$F114034 $81 996 $6245$aGenesis 1-27:40$9(OLS)http://semarc/title/223646 LEADER 00921nam a2200205 i 4500 001 000000198630 003 CaOOAMICUS 005 20110308000000.0 008 110308s1913 it u000 u ita u 013 $a177318 040 $aSeMil$bita 245 10$aRegole e Costituzioni delle Piccole Figlie dei SS.mi Cuori di Gesł e di Maria. 260 $aParma :$bTipografia Federale,$c1913. 300 $aXXIV, 288 p., [1] p. di ritratto ;$c18 cm. 500 $aContiene : Appendice e 3 Lettere del 1915. 650 4$aPiccole Figlie dei Sacri Cuori di Gesł e Maria - Storia.$0(OLS)http://semarc/subject/21764 850 $aSeMil 852 $aSeMil$W1$xVenegono$y1$m3F II 1108$j240868$B149186$CSeMilBibl$Z2$F160582 $81 996 $6245$aRegole e Costituzioni delle Piccole Figlie dei SS.mi Cuori di Gesł e di Maria$9(OLS)http://semarc/title/287072 996 $6260$aParma :$bTipografia Federale$9(OLS)http://semarc/publisher/50820